书目信息 |
| 题名: |
通信原理辅导与习题解答
|
|
| 作者: | 王福昌 编 | |
| 分册: | ||
| 出版信息: | 武汉 华中科技大学出版社 2006.03 |
|
| 页数: | 375页 | |
| 开本: | 20cm | |
| 丛书名: | 经典教材辅导用书 | |
| 单 册: | ||
| 中图分类: | TN911 | |
| 科图分类: | ||
| 主题词: | 通信理论--tong xin li lun--高等学校--教学参考资料 | |
| 电子资源: | ||
| ISBN: | 7-5609-3675-X | |
| 000 | 00955nam 2200253 450 | |
| 001 | 012006617748 | |
| 005 | 20070530150250.73 | |
| 010 | @a7-5609-3675-X@dCNY18.50 | |
| 100 | @a20061224d2006 km y0chiy0120 ea | |
| 101 | 0 | @achi |
| 102 | @aCN@b420000 | |
| 105 | @aa a 000yy | |
| 200 | 1 | @a通信原理辅导与习题解答@Atong xin yuan li fu dao yu xi ti jie da@f王福昌编@Fwang fu chang bian |
| 210 | @a武汉@c华中科技大学出版社@d2006.03 | |
| 215 | @a375页@c图@d20cm | |
| 225 | 2 | @a经典教材辅导用书@Ajing dian jiao cai fu dao yong shu@i电子与信息类丛书 |
| 320 | @a有书目。 | |
| 330 | @a本书各章节包含学习要点、典型例题、自测自评三大部分。内容涉及确知信号与随机信号分析、信道、模拟调制系统、数字基带传输系统等。 | |
| 410 | 0 | @12001 @a经典教材辅导用书@i电子与信息类丛书 |
| 606 | 0 | @a通信理论@Atong xin li lun@x高等学校@j教学参考资料 |
| 690 | @aTN911@v4 | |
| 701 | 0 | @a王福昌@Awang fu chang@4编 |
| 801 | 0 | @aCN@c20070530 |
| 905 | @b233618-20@dTN911@eW170 | |
| 通信原理辅导与习题解答/王福昌编.-武汉:华中科技大学出版社,2006.03 |
| 375页:图;20cm.-(经典教材辅导用书.电子与信息类丛书) |
| ISBN 7-5609-3675-X:CNY18.50 |
| 本书各章节包含学习要点、典型例题、自测自评三大部分。内容涉及确知信号与随机信号分析、信道、模拟调制系统、数字基带传输系统等。 |
| ● |
| 相关链接 |
|
|
|
正题名:通信原理辅导与习题解答
索取号:TN911/W170
 
预约/预借
| 序号 | 登录号 | 条形码 | 馆藏地/架位号 | 状态 | 备注 |
| 1 | 233618 | 202336187 | 期刊室512/301自科库 26排3列1层/ [索取号:TN911/W170] | 在馆 | |
| 2 | 233619 | 202336196 | 期刊室512/301自科库 26排3列1层/ [索取号:TN911/W170] | 在馆 | |
| 3 | 233620 | 202336203 | 自科库301/301自科库 34排1列3层/ [索取号:TN911/W170] | 在馆 |